| 000 | 01815nam0a22003251 4500 | ||
|---|---|---|---|
| 001 | rc\2129285 | ||
| 005 | 20110826153327.6 | ||
| 035 | _a(NLR Aleph) 006517665 | ||
| 090 |
_a6396230 _c6396230 |
||
| 100 | _a20110826d1979 |||y0rusy50 ca | ||
| 101 | 0 | _arus | |
| 102 | _aRU | ||
| 105 | _ay z |||a| | ||
| 200 | 1 |
_aВесенний рейс _eПовесть, рассказы _fНаум Гублер |
|
| 210 |
_aМинск _cМастац. лiт. _d1979 |
||
| 215 |
_a158 с. _d17 |
||
| 225 | 1 | _aПервая книжная прозаика | |
| 327 | 1 | _aСодерж.: Жаркий день в конце июня: Повесть; Рассказы: Ванечка; Высота; Немец; Возвращение; Катапульта; Весенний рейс; Третий...; Лебединое озеро; Однажды ночью; Замужество...; Отелло и Дубрович; Эксгомо | |
| 464 | 0 | _12001#$aЖаркий день в конце июня$eПовесть$aВанечка$eРассказ$aВысота$eРассказ$aНемец$eРассказ$aВозвращение$eРассказ$aКатапульта$eРассказ$aВесенний рейс$eРассказ$aТретий...$eРассказ$aЛебединое озеро$eРассказ$aОднажды ночью$eРассказ$aЗамужество...$eРассказ$aОтелло и Дубрович$eРассказ$aЭксгомо$eРассказ | |
| 686 |
_aШ5(2=Р)75-644 _2rubbk |
||
| 686 |
_a84Р7 _2rubbk |
||
| 700 | 1 |
_aГублер _bН. Я. _gНаум Яковлевич |
|
| 801 | 0 |
_aRU _bNLR _gpsbo |
|
| 801 | 1 |
_aRU _bELAR _2rusmarc |
|
| 852 |
_aNLR _j79-2/1966 |
||
| 899 |
_aRuMoRGB _jB 79-11/334 |
||
| 899 |
_aRuMoRGB _jB 79-11/335 |
||
| 899 |
_aRuMoRGB _jВО 679/512 |
||
| 942 | _cBOOK | ||
| 980 | _aNB | ||